| 000 | 00474nam a2200157 a 4500 | ||
|---|---|---|---|
| 005 | 20140412111220.0 | ||
| 008 | 001109s19uu xx 00 eng d | ||
| 020 | _a0-307-12119-4 | ||
| 050 |
_aM 398.2 _bM918 1987 |
||
| 245 |
_aThe Mother Goose word book / _cillustrated by Ann Schweninger ; selected by Melanie Donovan. |
||
| 260 |
_aNew York : _bA Golden Book, _c1987. |
||
| 300 | _a[22] p. ; ill. | ||
| 650 | _aPoetry for children | ||
| 650 | _aRhymes | ||
| 999 |
_c101906 _d101906 |
||